Responses for show #1871 - Monday, October 26, 1992

1992 Celebrity Jeopardy! game 1.

Contestants

Regis Philbin, a TV host from Live with Regis and Kathie Lee

Donna Mills, an actress from Knots Landing

Carol Burnett, an actress, comedienne, and star from stage, screen and television

[next game >>]

Jeopardy! Round responses

EUROPEAN HISTORY
ITALIAN FOOD
WOMEN IN SPORTS
FASHION DESIGNERS
ACTORS ONSTAGE
U.S. STATES
    $100 20
Erik the Red

Triple Stumper
    $100 6
green

Carol
    $100 11
(Carol: What is--[*]--no.)
(Alex: Up, [*] is right. Don't change your mind when I rule you correct.)
(Carol: Oh! Sorry!)
(Alex: You're in the lead with $1600, Donna's on the board with $1100 and Regis will try and master the technique of the signaling button during this commercial break.)
[Regis apes ringing in.]

golf

Carol
    $100 12
(Donna: Who is... uh, uh... um...)
...
[Cheers and applause for Regis's correct response]

Audrey Hepburn

DonnaRegis
    $100 1
David Copperfield

Carol
    $100 13
Wisconsin

Regis
    $200 21
Queen Isabel

Regis
    $200 7
melon

Carol
    $200 18
Richmond

Regis
    $200 2
Death of a Salesman

Carol
    $200 14
(Regis: [*].)
(Alex: Yes, remember your phrasing, though. Who is [*]?)
(Regis: Who is [*]?)
(Alex: Thank you.)
(Regis: Didn't I say that? Oh, I guess not.)
(Carol: He's the one on that state seal that they're talking about.)
[Laughter]
(Alex: Select again.)

King Kamehameha

Regis
    $300 22
(Alex: You are right, and we have a minute to go in the round.)

Portugal

Regis
    $300 8
(Alex: Yes, before you get to select again, I would like to ask a favor of Regis. Would you--)
(Regis: Can I ask a favor of you, Alex?)
(Alex: --would you ring in please?)
(Regis: [Holds up signaling device] Is this thing working? Thank you for checking. [Rings in])
(Alex: Good, it works.)
[Laughter]
(Regis: Sure, but I'm talking about on the game!)
(Alex: It works, you don't!)
[Laughter, Donna pats Regis on the shoulder]
(Regis: I could think of a--If I could think of an answer, I'd give it to him!)

primavera

Donna
    $400 19
(Regis: Boy, you really make it--you really make a guy earn his Daily Double here! What is Women's Wear Daily?)

Vogue

Regis
    $300 3
Lolita

Donna
    $300 15
Nebraska

Regis
    $400 23
Mata Hari

Carol
    $400 9
clams

Triple Stumper
    $400 25
Coco Chanel

Donna
    $400 4
Tennessee Williams

Carol
    $400 16
Maine

Regis
    $500 24
Mary (Queen of Scots)

Carol
    $500 10
polenta

Donna
    $500 26
[The end-of-round signal sounds]

Anne Klein

Donna
    $500 5
Gypsy

Carol
    $500 17
(Regis: What is Arkansas?)
(Carol: What is Texas?)

Alabama

CarolRegis
Triple Stumper

Scores at the first commercial break (after clue 11):

Carol Donna Regis
$1,600 $1,100 $0

Scores at the end of the Jeopardy! Round:

Carol Donna Regis
$2,000 $1,900 $900

Double Jeopardy! Round responses

GENERAL SCIENCE
SONG STANDARDS
DANCE
HOBBIES
SHAKESPEARE
OLD MOVIES
    $200 14
[ERRATUM: "Anders" was misspelled as shown.]

thermometers

Donna
    $200 6
"Whistle A Happy Tune"

Carol
    $200 11
astronomy

Carol
    $200 1
Elizabeth Taylor

Regis
    $400 7
(Regis: [*], what is, who is, what is, [*]?)
(Alex: Yes. To all of the above.)
[Laughter]
(Alex: Select.)
(Regis: [To Carol] I'll get you.)
(Alex: You give a medley of responses, I love it. Go again.)

"Fly Me To The Moon"

Regis
    $400 12
caves

Regis
    $400 2
The Wizard of Oz

Triple Stumper
    $600 8
(Regis: What is "Day And Night"?)
(Alex: No.)
(Regis: [*]!)
(Alex: "Day and night, [*]," all right, we'll give it to you.)
[Laughter]
(Regis: Couldn't wait to say no, could you?)
[Laughter]
(Regis: "No Regis, no!")
(Alex: Select again, Regis.)
(Regis: Thank you, Miss Judge, for overruling Mr. Big Shot here!)
[Laughter continues]
(Alex: All right. Select again.)
(Regis: Yes, yes Alex, my dearest friend.)
[Laughter]

"Night And Day"

Regis
    $600 13
(Alex: And we have less than a minute to go. Regis, pick again.)

postcards

Triple Stumper
    $600 3
Carmen Miranda

Regis
    $700 9
(Alex: Regis, here's a great opportunity for you, your first chance in the game to take the lead. Carol has $4,000, you trail her by $1300. How much of your $2700 are you going to risk?)
(Regis: So if I go for 14--if I go for $1200, uh...)
(Carol: This isn't about math!)
[Laughter]
(Regis: If I go for $700 I'll go ahead of Carol Burnett. $700.)
(Alex: Your math is very bad. You will not go ahead of Carol Burnett with $700, but for $700 here is the clue...)
[Laughter]
...
[Regis tries to ring in.]
(Alex: You don't have to ring in.)
(Regis: Oh! [Throws down signaling device])
...
(Regis: How come I'm still behind Carol Burnett?)
(Alex: Because you didn't wager enough.)
(Regis: All right.)

Who could ask for anything more?

Regis
    $800 4
Madame Butterfly

Carol
    $1000 10
(Regis: It's delightful, it's delovely, it's...)
(Carol: [Sings] [*]?)
(Alex: And the phrasing?)
(Carol: What is it?)
...
(Regis: Don't I get two-thirds of that?)
(Alex: No! Pick again, Carol.)
(Regis: I don't even get two-thirds of that.)

It's delightful, it's delicious, it's delovely

CarolRegis
    $1000 16
[The end-of-round signal sounds]

Brazil

Regis
    $1000 15
numismatist

Triple Stumper
    $1000 5
Joan Fontaine

Carol

Scores at the end of the Double Jeopardy! Round:

Carol Donna Regis
$5,200 $2,100 $3,800

[wagering suggestions for these scores]

Final Jeopardy! Round responses

HISTORIC NAMES
(Regis: The only one I can think of was Dan Quayle, but I don't know!)
...
(Alex: [To Carol] That takes you all the way down to $2900, but forget about those totals, because we are augmenting them to $10,000. Your charities will each receive $10,000. And we thank you very much for being with us on Jeopardy! We'll do it again tomorrow, folks, three more stars. So long.)
DonnaWho was Don Juan
$2,100
RegisWho was
$1,500
CarolWho was Marquis de Sade
$2,300
Rasputin

Final scores:

Carol Donna Regis
$2,900 $0 $2,300
Winner: $10,000 to amfAR 3rd place: $10,000 to the Earth Communications Office (ECO) 2nd place: $10,000 to Cardinal Hayes High School

Game dynamics:

Coryat scores:

Carol Donna Regis
$5,200 $2,100 $4,300
14 R,
1 W
6 R,
1 W
15 R
(including 1 DD),
3 W
(including 1 DD)

Combined Coryat: $11,600

The J! Archive is created by fans, for fans. The Jeopardy! game show and all elements thereof, including but not limited to copyright and trademark thereto, are the property of Jeopardy Productions, Inc. and are protected under law. This website is not affiliated with, sponsored by, or operated by Jeopardy Productions, Inc. Join the discussion at JBoard.tv.